000 00689nam a2200265Ia 4500
005 20260302115659.0
008 008 260114s9999 xx 000 0 eng d
020 _a9781350493261
037 _aTextbook
040 _aCRL
040 _beng
040 _cCRL
041 _2eng
041 _aeng
084 _qCRL
100 _aAndrew Middleton
_91122324
245 0 _aReimagining Spaces for Learning in Higher Education
260 _bBloomsbury
260 _bBloomsbury Academic
260 _c2019
650 _aEducation
856 _uhttps://doi.org/10.5040/9781350493261?locatt=label:secondary_bloomsburyCollections
942 _cEBOOK
999 _c1687099
_d1687099